000 00520nam a22001932 4500
001 0000004541
005 20170406115914.0
008 141009s xx 000 0 eng d
020 _c$
040 _aYour Holding Symbol
_cYour Holding Symbol
100 1 _aRousseau,Jacqes jean.
245 1 4 _aThe social contact and the disourses.
250 _a ed.
260 _alondon :
_beverymans library,
_c1973.
300 _a409 p. ;
_c cm.
504 _aindex.
650 0 _afiction.
908 _a141009
999 _c4364
_d4364